| 000 | 00574nam a2200205Ia 4500 | ||
|---|---|---|---|
| 001 | 58724 | ||
| 008 | 150619n ii |||gr||||Z||||||asm | ||
| 082 | _a491.41 | ||
| 245 | 0 |
_aAxamiya Bhasha- Sahitya Charchakarisakalar Haat- Puthi _cRamesh Pathak _hTextual Documents |
|
| 250 | _aFirst Edn. | ||
| 260 |
_aGuwahati: _bSpandan Prakash. |
||
| 300 |
_a103pg: _c19cm. |
||
| 653 | _aAssamese | ||
| 653 | _aDeals with Common Error in Assamese | ||
| 653 | _aHyaat --Puthi | ||
| 653 | _aDeptt-Assamese | ||
| 653 | _aMS-Assamese | ||
| 700 | _aPathak,Ramesh. | ||
| 942 |
_2ddc _cBK |
||
| 999 |
_c58612 _d58612 |
||